Songs mit historischem Hintergund - Statistiken

Allgemein
  • Dieses Quiz wurde 1.143 mal gespielt
    1.118 seit der letzten Aktualisierung
  • Das Durchschnittsergebnis liegt bei 6 aus 13
Antwortstatistiken
Hint Antwort % Korrekt
Abwurf der ersten Atombombe am 6. August 1945.
___
"Hiroshima" von Wishful Thinking
93%
Die Novemberpogrome 1938 – bezogen auf die Nacht vom 9. auf den 10. November 1938
___
"Kristallnaach" von BAP
81%
Dieses Lied erzählt über einen Amoklauf der 1979 in Cleveland geschah. Es war ein Montag als die 16-jährige Brenda Ann Spencer mit einer halbautomatischen Gewehr aus ihrem Fenster schoss
___
"I Don't Like Mondays" von The Boomtown Rats
70%
Es geht um die Mondlandung von Apollo 11
___
"Higher and Higher" von The Moody Blues
66%
Im Dezember 1971 endete Frank Zappas Konzert in Montreux in Flammen – das Casino brannte.
___
"Smoke on the Water" von Deep Purple
55%
Das Lied gedenkt der italienischstämmigen Anarchisten Nicola Sacco und Bartolomeo Vanzetti, die am 23. August 1927 hingerichtet wurden.
___
"Here’s to You" von Ennio Morricone und Joan Baez
47%
Der Song handelt vom Asbest-Abbau in Witternoom. Australien. Ungefähr 2000 Menschen starben an den Spätfolgen des eingeatmeten Asbeststaubs.
___
"Blue Sky Mine" von Midnight Oil
41%
Inhalt des Stücks ist das Leben von Martin Luther King
___
"Pride (In the Name of Love)" von U2
37%
Es geht um das Abschlachten der amerikanischen Ureinwohner durch weiße Siedler
___
"Run To The Hills" von Iron Maiden
36%
Der Text behandelt den Nordirlandkonflikt
___
"Zombie" von The Cranberries
35%
Das Lied basiert auf dem Vietnamkrieg
___
"Fortunate Son" von Creedence Clearwater Revival
33%
Das Lied handelt vom Ende des Amerikanischen Bürgerkrieges 1865
___
"The Night They Drove Old Dixie Down" von Joan Baez
28%
Das Lied wurde als Reaktion auf den gewaltsamen Tod des schwarzen südafrikanischen Anti-Apartheid-Aktivisten im Polizeigewahrsam geschrieben.
___
"Biko" von Peter Gabriel
20%
Keine übereinstimmenden Quizze gefunden
Verteilung der Resultate
Anzahl Personen mit jedem Resultat
Perzentil nach korrekt beantworteten Fragen
Ihre Resultats-Entwicklung
Sie haben dieses Quiz seit der letzten Aktualisierung nicht gespielt